[Event "MP Reykjavik Open 2011"]
[Site "Reykjavik ISL"]
[Date "2011.03.11"]
[Round "3.13"]
[White "Zelbel, Patrick"]
[Black "Nyzhnyk, Illya"]
[Result "1/2-1/2"]
[WhiteElo "2410"]
[BlackElo "2563"]
[PlyCount "71"]
[EventDate "2011.03.09"]
[EventType "swiss"]
[EventRounds "9"]
[EventCountry "ISL"]
[Source "lmi"]
[SourceDate "2011.03.09"]

1. e4 c5 2. c3 Nf6 3. e5 Nd5 4. Nf3 Nc6 5. Bc4 Nb6 6. Bb3 c4 7. Bc2 Qc7 8. O-O
Nxe5 9. Nxe5 Qxe5 10. Re1 Qc7 11. Na3 e6 12. Nb5 Qc5 13. a4 a6 14. Nd4 Be7 15.
a5 Nd5 16. d3 O-O 17. dxc4 Qxc4 18. Nf5 Qc5 19. b4 Qc7 20. Qh5 g6 21. Nxe7+
Nxe7 22. Qh4 f6 23. Bf4 Qc4 24. Qg3 e5 25. Bxe5 fxe5 26. Rxe5 Nc6 27. Rg5 Kh8
28. Bxg6 Qf4 29. Rh5 h6 30. Bc2 Qxg3 31. Rxh6+ Kg8 32. fxg3 d5 33. Rg6+ Kh8 34.
Rh6+ Kg8 35. Rg6+ Kh8 36. Rh6+ 1/2-1/2

[Event "MP Reykjavik Open 2011"]
[Site "Reykjavik ISL"]
[Date "2011.03.11"]
[Round "3.14"]
[White "Thomassen, Joachim"]
[Black "Danielsen, Henrik"]
[Result "1/2-1/2"]
[WhiteElo "2396"]
[BlackElo "2533"]
[PlyCount "306"]
[EventDate "2011.03.09"]
[EventType "swiss"]
[EventRounds "9"]
[EventCountry "ISL"]
[Source "lmi"]
[SourceDate "2011.03.09"]

1. e4 g6 2. d4 Bg7 3. c4 d6 4. Nc3 Nf6 5. Nf3 O-O 6. Be2 c5 7. d5 e6 8. O-O
exd5 9. exd5 Bg4 10. h3 Bxf3 11. Bxf3 Nbd7 12. Be3 a6 13. Qd2 Re8 14. Rfe1 Rb8
15. Rab1 Qc7 16. a3 h5 17. Kh1 b5 18. cxb5 axb5 19. b4 c4 20. Bd4 Kh7 21. Be4
Bh6 22. f4 Qb7 23. Bc2 Nxd5 24. Rxe8 Rxe8 25. Be4 Rxe4 26. Nxe4 Bxf4 27. Qb2
Ne7 28. Re1 Nf5 29. Qf2 Be5 30. Bxe5 dxe5 31. Qd2 Kg7 32. Nd6 Nxd6 33. Qxd6 Qa7
34. Rd1 c3 35. Qc6 Qxa3 36. Rxd7 Qc1+ 37. Kh2 Qf4+ 38. Kh1 Qf1+ 39. Kh2 Qf4+
40. g3 Qxb4 41. h4 Qb2+ 42. Qg2 Qb3 43. Qe2 Qe6 44. Qxb5 Qa2+ 45. Kh3 Qe6+ 46.
Kg2 Qa2+ 47. Kf3 Qe6 48. Ke3 Qf6 49. Qd5 c2 50. Kd2 Qf2+ 51. Kc1 Qe3+ 52. Kxc2
Qf2+ 53. Kb1 Qe1+ 54. Kb2 Qf2+ 55. Ka1 Qe1+ 56. Kb2 Qf2+ 57. Kb1 Qe1+ 58. Kb2
Qf2+ 59. Ka3 Qxg3+ 60. Qb3 Qf4 61. Rb7 Qc1+ 62. Kb4 Qf4+ 63. Kb5 Qf1+ 64. Qc4
Qf3 65. Rd7 Qf5 66. Kb6 Qf6+ 67. Kc7 Qf5 68. Qd5 Qf4 69. Kd8 Qxh4+ 70. Ke8 Kh6
71. Kxf7 Qf4+ 72. Kg8 h4 73. Rf7 Qd4 74. Rh7+ Kg5 75. Qg2+ Qg4 76. Qd2+ Qf4 77.
Qg2+ Qg4 78. Qd2+ Qf4 79. Qd8+ Qf6 80. Qd7 Qf5 81. Qe7+ Qf6 82. Qc7 Qe6+ 83.
Rf7 Kh6 84. Kf8 g5 85. Rh7+ Kg6 86. Rg7+ Kh6 87. Qd8 Qf5+ 88. Rf7 Qc2 89. Qd6+
Kh5 90. Qxe5 Qd3 91. Kg8 Qd8+ 92. Kg7 Qd3 93. Qe6 Qd4+ 94. Kh7 Qd3+ 95. Rf5 Qd2
96. Qf7+ Kg4 97. Kg6 Qd6+ 98. Rf6 Qd3+ 99. Kh6 Qe3 100. Qc4+ Kg3 101. Re6 Qd2
102. Kh5 Qf4 103. Qd3+ Qf3+ 104. Qxf3+ Kxf3 105. Rf6+ Kg3 106. Ra6 h3 107. Ra3+
Kg2 108. Kg4 h2 109. Ra2+ Kg1 110. Ra1+ Kg2 111. Ra2+ Kg1 112. Kg3 h1=N+ 113.
Kf3 g4+ 114. Kxg4 Nf2+ 115. Kg3 Ne4+ 116. Kf3 Ng5+ 117. Kf4 Ne6+ 118. Ke3 Ng5
119. Ra5 Ne6 120. Re5 Nd8 121. Kf3 Nc6 122. Re4 Kf1 123. Ra4 Ne5+ 124. Ke4 Ng4
125. Ra2 Nf2+ 126. Kf3 Nd1 127. Re2 Nc3 128. Re3 Nd1 129. Re8 Nc3 130. Rc8 Nd1
131. Rc2 Ke1 132. Re2+ Kf1 133. Rh2 Ke1 134. Re2+ Kf1 135. Re8 Nc3 136. Rd8 Ke1
137. Rd7 Nd1 138. Rd3 Nb2 139. Rd7 Nd1 140. Ke4 Nf2+ 141. Kd4 Ke2 142. Ra7 Kf3
143. Ra3+ Ke2 144. Re3+ Kd2 145. Re8 Nd1 146. Rh8 Nf2 147. Ra8 Ke2 148. Ra3 Kd2
149. Ra2+ Ke1 150. Ke3 Nd1+ 151. Kf3 Kf1 152. Re2 Nc3 153. Rh2 Ke1 1/2-1/2

[Event "MP Reykjavik Open 2011"]
[Site "Reykjavik ISL"]
[Date "2011.03.11"]
[Round "3.15"]
[White "Friedel, Joshua E"]
[Black "Sharevich, Anna"]
[Result "1/2-1/2"]
[WhiteElo "2529"]
[BlackElo "2323"]
[PlyCount "37"]
[EventDate "2011.03.09"]
[EventType "swiss"]
[EventRounds "9"]
[EventCountry "ISL"]
[Source "lmi"]
[SourceDate "2011.03.09"]

1. e4 c5 2. Nf3 e6 3. d4 cxd4 4. Nxd4 a6 5. Nc3 Qc7 6. Bd3 Nc6 7. Nxc6 dxc6 8.
O-O e5 9. f4 Bc5+ 10. Kh1 Nf6 11. f5 h5 12. Qf3 Ng4 13. Nd1 Qe7 14. g3 b5 15.
Ne3 Nf6 16. Ng2 Ng4 17. Ne3 Nf6 18. Ng2 Ng4 19. Ne3 1/2-1/2

[Event "MP Reykjavik Open 2011"]
[Site "Reykjavik ISL"]
[Date "2011.03.11"]
[Round "3.16"]
[White "Michalczak, Thomas"]
[Black "Hillarp Persson, Tiger"]
[Result "0-1"]
[WhiteElo "2332"]
[BlackElo "2524"]
[PlyCount "76"]
[EventDate "2011.03.09"]
[EventType "swiss"]
[EventRounds "9"]
[EventCountry "ISL"]
[Source "lmi"]
[SourceDate "2011.03.09"]

1. e4 e6 2. d4 d5 3. Nc3 Bb4 4. e5 c5 5. a3 Bxc3+ 6. bxc3 Ne7 7. Qg4 Qc7 8.
Qxg7 Rg8 9. Qxh7 cxd4 10. Ne2 Nbc6 11. f4 dxc3 12. Qd3 d4 13. Nxd4 Nxd4 14.
Qxd4 Bd7 15. Rg1 Rh8 16. h3 Nf5 17. Qf2 Qc6 18. Bd3 Qd5 19. Rb1 Bc6 20. Bxf5
exf5 21. Rb3 O-O-O 22. Qe2 Rhg8 23. g4 fxg4 24. hxg4 Rh8 25. Rxc3 Qd4 26. Qe3
Qd1+ 27. Kf2 Rh2+ 28. Kg3 Rdh8 29. f5 Qd5 30. Kf4 f6 31. Rc5 fxe5+ 32. Qxe5
Rf2+ 33. Ke3 Qf3+ 34. Kd4 Rd8+ 35. Kc4 Rxc2+ 36. Kb4 Rxc5 37. Qxc5 a5+ 38. Qxa5
Rd4+ 0-1

[Event "MP Reykjavik Open 2011"]
[Site "Reykjavik ISL"]
[Date "2011.03.11"]
[Round "3.17"]
[White "Adly, Ahmed"]
[Black "Degtiarev, Evgeny"]
[Result "1-0"]
[WhiteElo "2640"]
[BlackElo "2368"]
[PlyCount "119"]
[EventDate "2011.03.09"]
[EventType "swiss"]
[EventRounds "9"]
[EventCountry "ISL"]
[Source "lmi"]
[SourceDate "2011.03.09"]

1. d4 Nf6 2. Nf3 g6 3. c4 Bg7 4. g3 c6 5. Bg2 d5 6. cxd5 cxd5 7. O-O O-O 8. Nc3
e6 9. Ne5 Nfd7 10. f4 Nc6 11. e4 Qb6 12. Be3 Qxb2 13. Rc1 dxe4 14. Nxe4 Nb6 15.
Rf2 Qa3 16. d5 Qxe3 17. dxc6 Nd5 18. Kh1 Qa3 19. c7 Qe7 20. Rfc2 f6 21. Nc4 Bd7
22. Ned6 Nxc7 23. Nb6 Nd5 24. Nxd5 exd5 25. Qxd5+ Kh8 26. Rc7 Qe6 27. Nxb7 Rac8
28. Qd2 Rxc7 29. Rxc7 Bb5 30. Nd6 a6 31. a4 Bxa4 32. f5 Qe5 33. Bf3 Bb3 34. Qd3
Bg8 35. fxg6 hxg6 36. Qxg6 Qe1+ 37. Kg2 Qd2+ 38. Kf1 Qh6 39. Qg4 Qg5 40. Qh3+
Qh6 41. Qd7 Qg5 42. Be4 f5 43. Nxf5 Bh7 44. Rc8 Qf6 45. Kg2 Bxf5 46. Bxf5 Rxc8
47. Qxc8+ Bf8 48. Bd3 a5 49. Qc7 Be7 50. Qxa5 Kg7 51. Qd5 Qg5 52. Qd4+ Bf6 53.
Qd7+ Be7 54. h4 Qd2+ 55. Kh3 Qb4 56. Bc4 Qd6 57. Qe8 Bf8 58. Qf7+ Kh6 59. g4
Be7 60. Qg8 1-0

[Event "MP Reykjavik Open 2011"]
[Site "Reykjavik ISL"]
[Date "2011.03.11"]
[Round "3.18"]
[White "Fier, Alexandr"]
[Black "Bisby, Daniel"]
[Result "1-0"]
[WhiteElo "2586"]
[BlackElo "2306"]
[PlyCount "59"]
[EventDate "2011.03.09"]
[EventType "swiss"]
[EventRounds "9"]
[EventCountry "ISL"]
[Source "lmi"]
[SourceDate "2011.03.09"]

1. e4 c5 2. Nf3 d6 3. d4 cxd4 4. Nxd4 Nf6 5. Nc3 g6 6. Be3 a6 7. f3 b5 8. Qd2
Bb7 9. O-O-O Nbd7 10. g4 h6 11. h4 b4 12. Nce2 e5 13. Nb3 a5 14. Kb1 Qc7 15.
Ng3 a4 16. Nc1 d5 17. exd5 Nxd5 18. Bb5 Ra5 19. Bxd7+ Qxd7 20. h5 a3 21. Nb3
Ra8 22. Ne4 Rd8 23. Bc5 f5 24. Qh2 fxe4 25. Qxe5+ Kf7 26. hxg6+ Kg8 27. Bxf8
Rxf8 28. Nc5 Qe7 29. Rxd5 Qxe5 30. Rxe5 1-0

[Event "MP Reykjavik Open 2011"]
[Site "Reykjavik ISL"]
[Date "2011.03.11"]
[Round "3.19"]
[White "Carstensen, Jacob"]
[Black "Jones, Gawain C B"]
[Result "0-1"]
[WhiteElo "2332"]
[BlackElo "2578"]
[PlyCount "96"]
[EventDate "2011.03.09"]
[EventType "swiss"]
[EventRounds "9"]
[EventCountry "ISL"]
[Source "lmi"]
[SourceDate "2011.03.09"]

1. d4 Nf6 2. Nf3 g6 3. g3 Bg7 4. Bg2 O-O 5. O-O d6 6. c4 Nc6 7. Nc3 Rb8 8. d5
Na5 9. Qd3 c5 10. e4 a6 11. Rb1 b5 12. cxb5 c4 13. Qd2 axb5 14. Nd4 b4 15. Nce2
Ng4 16. b3 c3 17. Qc2 Qb6 18. h3 Bxd4 19. Nxd4 Qxd4 20. hxg4 Bxg4 21. Be3 Qg7
22. f3 Bd7 23. Rfd1 f5 24. Bd4 Qh6 25. a3 fxe4 26. f4 bxa3 27. Qxc3 a2 28. Rb2
Qh5 29. Re1 Qxd5 30. Rxa2 Nxb3 31. Bf2 Qc6 32. Qxc6 Bxc6 33. Bxe4 Bxe4 34. Rxe4
Rb7 35. Rae2 Kf7 36. g4 Nc5 37. Bxc5 dxc5 38. Kg2 Rd8 39. Rc2 Rd4 40. Rxd4 cxd4
41. Kf3 d3 42. Rd2 Rd7 43. g5 Ke6 44. Ke4 Rd8 45. Rxd3 Rxd3 46. Kxd3 Kf5 47.
Ke3 e5 48. fxe5 Kxe5 0-1

[Event "MP Reykjavik Open 2011"]
[Site "Reykjavik ISL"]
[Date "2011.03.11"]
[Round "3.21"]
[White "Dronavalli, Harika"]
[Black "Karason, Askell O"]
[Result "1-0"]
[WhiteElo "2524"]
[BlackElo "2258"]
[PlyCount "63"]
[EventDate "2011.03.09"]
[EventType "swiss"]
[EventRounds "9"]
[EventCountry "ISL"]
[Source "lmi"]
[SourceDate "2011.03.09"]

1. d4 e6 2. c4 Nf6 3. g3 Bb4+ 4. Bd2 Qe7 5. Nf3 Nc6 6. Nc3 d5 7. Bg2 O-O 8. O-O
Rd8 9. a3 Bxc3 10. Bxc3 Ne4 11. Qc2 Bd7 12. b4 Nxc3 13. Qxc3 Rac8 14. Rfe1 Be8
15. e4 dxc4 16. d5 Nb8 17. Qxc4 e5 18. Qc3 f6 19. Nh4 Bd7 20. f4 c5 21. Nf3 Re8
22. fxe5 fxe5 23. bxc5 Qxc5+ 24. Qxc5 Rxc5 25. Rec1 Na6 26. Bf1 Bg4 27. Bxa6
Rxc1+ 28. Rxc1 Bxf3 29. d6 Rd8 30. Bc4+ Kh8 31. Be6 Bxe4 32. Rc8 1-0

[Event "MP Reykjavik Open 2011"]
[Site "Reykjavik ISL"]
[Date "2011.03.11"]
[Round "3.22"]
[White "Kveinys, Aloyzas"]
[Black "Thorsteinsson, Thorsteinn"]
[Result "1/2-1/2"]
[WhiteElo "2506"]
[BlackElo "2220"]
[PlyCount "52"]
[EventDate "2011.03.09"]
[EventType "swiss"]
[EventRounds "9"]
[EventCountry "ISL"]
[Source "lmi"]
[SourceDate "2011.03.09"]

1. d4 d5 2. Nf3 Nf6 3. c4 e6 4. Nc3 Nbd7 5. cxd5 exd5 6. Bg5 Be7 7. e3 c6 8.
Bd3 O-O 9. Qc2 Re8 10. h3 Nf8 11. Bf4 Bd6 12. Bxd6 Qxd6 13. O-O-O Be6 14. Kb1
Rac8 15. g4 b5 16. Nd2 a6 17. Nb3 N6d7 18. f4 c5 19. f5 c4 20. fxe6 fxe6 21. e4
cxb3 22. Qxb3 Nb6 23. exd5 exd5 24. Ne4 Qc6 25. Nc5 Nc4 26. Bxc4 dxc4 1/2-1/2

[Event "MP Reykjavik Open 2011"]
[Site "Reykjavik ISL"]
[Date "2011.03.11"]
[Round "3.23"]
[White "Gretarsson, Hjorvar Steinn"]
[Black "Holm, Kristian Stuvik"]
[Result "1/2-1/2"]
[WhiteElo "2444"]
[BlackElo "2240"]
[PlyCount "96"]
[EventDate "2011.03.09"]
[EventType "swiss"]
[EventRounds "9"]
[EventCountry "ISL"]
[Source "lmi"]
[SourceDate "2011.03.09"]

1. Nf3 d5 2. c4 e6 3. g3 c5 4. Bg2 Nf6 5. O-O Nc6 6. d4 Be7 7. dxc5 Bxc5 8. Nc3
O-O 9. Bf4 dxc4 10. Rc1 Qe7 11. Bg5 Rd8 12. Qa4 Bb4 13. Ne4 Rd5 14. Bh4 b5 15.
Qc2 Bb7 16. a3 Ba5 17. Nxf6+ gxf6 18. Qe4 Bc7 19. Qe3 Kg7 20. Nd2 Bb6 21. Qf4
Rf5 22. Qg4+ Kh8 23. e4 Rg8 24. Qd1 Rc5 25. Qf3 Rg6 26. Kh1 Ne5 27. Qe2 Nd3 28.
Rc3 Nxb2 29. f4 Na4 30. Rcf3 c3 31. Nb3 Rc4 32. Rd3 Nb2 33. Re3 Bxe3 34. Qxe3
c2 35. e5 Nd1 36. Qd2 Bxg2+ 37. Qxg2 Qc7 38. Qa8+ Qc8 39. Qxa7 Ne3 40. Qxe3 Rc3
41. Qa7 c1=Q 42. Rxc1 Rxc1+ 43. Nxc1 Qxc1+ 44. Kg2 Qb2+ 45. Kh3 Rh6 46. Qxf7
Rxh4+ 47. Kxh4 Qxh2+ 48. Kg4 Qe2+ 1/2-1/2

[Event "MP Reykjavik Open 2011"]
[Site "Reykjavik ISL"]
[Date "2011.03.11"]
[Round "3.24"]
[White "Kjartansson, Gudmundur"]
[Black "Thorfinnsson, Bjorn"]
[Result "0-1"]
[WhiteElo "2327"]
[BlackElo "2419"]
[PlyCount "37"]
[EventDate "2011.03.09"]
[EventType "swiss"]
[EventRounds "9"]
[EventCountry "ISL"]
[Source "lmi"]
[SourceDate "2011.03.09"]

1. e4 e5 2. Nf3 Nc6 3. Bb5 f5 4. d3 fxe4 5. dxe4 Nf6 6. Qe2 Bc5 7. Bxc6 bxc6 8.
Nxe5 Qe7 9. Nd3 Ba6 10. f3 O-O 11. Be3 Bxe3 12. Qxe3 Rab8 13. Qc5 d6 14. Qa3
Bxd3 15. cxd3 Nd5 16. d4 Qg5 17. O-O Ne3 18. Rf2 Rxf3 19. Nd2 0-1

[Event "MP Reykjavik Open 2011"]
[Site "Reykjavik ISL"]
[Date "2011.03.11"]
[Round "3.25"]
[White "Byron, Alan M"]
[Black "Sveshnikov, Vladimir"]
[Result "1/2-1/2"]
[WhiteElo "2183"]
[BlackElo "2379"]
[PlyCount "60"]
[EventDate "2011.03.09"]
[EventType "swiss"]
[EventRounds "9"]
[EventCountry "ISL"]
[Source "lmi"]
[SourceDate "2011.03.09"]

1. d4 d5 2. c4 e6 3. Nf3 Nf6 4. cxd5 exd5 5. Nc3 c6 6. Qc2 Nbd7 7. Bf4 Nh5 8.
Bg5 Be7 9. Bxe7 Qxe7 10. e3 Nf8 11. Be2 Ng6 12. O-O-O Nf6 13. Rhe1 O-O 14. h3
Bd7 15. Bd3 Rae8 16. Nd2 c5 17. dxc5 Qxc5 18. Nb3 Qb6 19. Nd4 Rc8 20. Qb3 Qxb3
21. Nxb3 Ne5 22. Bc2 Be6 23. f3 a6 24. Nd4 Nc4 25. b3 Ne5 26. Kb2 Rc7 27. Nce2
Nc6 28. Bb1 Re8 29. Rc1 Bd7 30. Rc3 Rec8 1/2-1/2

[Event "MP Reykjavik Open 2011"]
[Site "Reykjavik ISL"]
[Date "2011.03.11"]
[Round "3.26"]
[White "Gustafsson, Jan"]
[Black "Andersson, Christin"]
[Result "1-0"]
[WhiteElo "2647"]
[BlackElo "2163"]
[PlyCount "65"]
[EventDate "2011.03.09"]
[EventType "swiss"]
[EventRounds "9"]
[EventCountry "ISL"]
[Source "lmi"]
[SourceDate "2011.03.09"]

1. Nf3 Nf6 2. c4 g6 3. Nc3 d5 4. Qa4+ Nc6 5. Nd4 Bd7 6. cxd5 Nxd4 7. Qxd4 Bc6
8. e4 e6 9. Bc4 Bg7 10. Qe3 Bd7 11. dxe6 Bxe6 12. Bxe6 fxe6 13. O-O O-O 14. d4
c6 15. e5 Nd5 16. Qh3 Qd7 17. Ne4 Rf5 18. Bd2 Raf8 19. Rad1 Qe7 20. Qg4 c5 21.
Bg5 Qc7 22. Nxc5 Qc6 23. Rc1 b6 24. Ne4 Qa4 25. Nd6 Rxg5 26. Qxe6+ Kh8 27. Qxd5
Qd7 28. Rc8 Rgf5 29. Rxf8+ Bxf8 30. Qa8 Rf4 31. g3 Qg4 32. f3 Qg5 33. Kh1 1-0

[Event "MP Reykjavik Open 2011"]
[Site "Reykjavik ISL"]
[Date "2011.03.11"]
[Round "3.27"]
[White "Bergsson, Stefan"]
[Black "Pelletier, Yannick"]
[Result "0-1"]
[WhiteElo "2158"]
[BlackElo "2593"]
[PlyCount "47"]
[EventDate "2011.03.09"]
[EventType "swiss"]
[EventRounds "9"]
[EventCountry "ISL"]
[Source "lmi"]
[SourceDate "2011.03.09"]

1. e4 e6 2. d4 d5 3. Nc3 Bb4 4. exd5 exd5 5. Bd3 Nc6 6. a3 Be7 7. Nge2 Bf6 8.
Be3 Nge7 9. Ng3 Bxd4 10. Bxd4 Nxd4 11. Bxh7 c5 12. Bd3 Qb6 13. b3 Bd7 14. Qd2
Qf6 15. Nge2 Nxe2 16. Bxe2 d4 17. Ne4 Qe5 18. Qd3 Bc6 19. f3 Nd5 20. g3 O-O-O
21. Kf2 Nc3 22. Nxc3 dxc3 23. Qc4 Rd2 24. Kf1 0-1

[Event "MP Reykjavik Open 2011"]
[Site "Reykjavik ISL"]
[Date "2011.03.11"]
[Round "3.28"]
[White "Stefansson, Hannes"]
[Black "Agrest, Inna"]
[Result "1-0"]
[WhiteElo "2557"]
[BlackElo "2170"]
[PlyCount "121"]
[EventDate "2011.03.09"]
[EventType "swiss"]
[EventRounds "9"]
[EventCountry "ISL"]
[Source "lmi"]
[SourceDate "2011.03.09"]

1. d4 Nf6 2. c4 g6 3. Nf3 Bg7 4. g3 O-O 5. Bg2 d6 6. O-O Nbd7 7. Nc3 e5 8. e4
a6 9. Re1 exd4 10. Nxd4 Ng4 11. Qxg4 Bxd4 12. Bh6 Ne5 13. Qe2 Ng4 14. Be3 Nxe3
15. fxe3 Ba7 16. Qf2 c6 17. Rad1 Qe7 18. Rd3 Be6 19. b3 Rad8 20. Red1 f5 21.
Qd2 f4 22. gxf4 Rxf4 23. Kh1 Rh4 24. Ne2 Bg4 25. Rf1 Rh6 26. Qe1 Bxe2 27. Qxe2
Qe5 28. h3 g5 29. Qg4 Rh4 30. Qf5 Qe7 31. e5 Rh6 32. e4 Rg6 33. Rfd1 Rf8 34.
exd6 Qd8 35. Qg4 Rf4 36. Qg3 Bf2 37. Qh2 Re6 38. d7 Bb6 39. Bf3 Bc7 40. Qg2 h6
41. R3d2 Re7 42. Qe2 h5 43. Bxh5 Rfxe4 44. Qd3 Kg7 45. Kg2 R7e6 46. Bg4 R6e5
47. Bf3 Re3 48. Qd4 Qf6 49. Rf2 Qd8 50. Qa7 Qe7 51. Bxc6 Rc5 52. d8=Q Rg3+ 53.
Kf1 Bxd8 54. Rd7 Rxc6 55. Rxe7+ Bxe7 56. Qxb7 Re6 57. Re2 Rxe2 58. Kxe2 Kf7 59.
c5 Rxh3 60. c6 Rh2+ 61. Kf3 1-0

[Event "MP Reykjavik Open 2011"]
[Site "Reykjavik ISL"]
[Date "2011.03.11"]
[Round "3.29"]
[White "Huguet, Sergio"]
[Black "Mekhitarian, Krikor Sevag"]
[Result "0-1"]
[WhiteElo "2140"]
[BlackElo "2529"]
[PlyCount "150"]
[EventDate "2011.03.09"]
[EventType "swiss"]
[EventRounds "9"]
[EventCountry "ISL"]
[Source "lmi"]
[SourceDate "2011.03.09"]

1. e4 c5 2. c3 Nf6 3. e5 Nd5 4. d4 cxd4 5. Nf3 g6 6. cxd4 Bg7 7. Bc4 Nb6 8. Bb3
O-O 9. Nc3 d6 10. O-O Nc6 11. Bf4 Bg4 12. exd6 Nxd4 13. dxe7 Qxe7 14. Re1 Qd7
15. Be5 Nxf3+ 16. gxf3 Bxe5 17. fxg4 Qc7 18. h3 Rad8 19. Qf3 Rd2 20. Rac1 Qb8
21. Re2 Rxe2 22. Qxe2 Bd4 23. Qf3 Nd7 24. Rd1 Ne5 25. Qf4 Bxc3 26. bxc3 Qc7 27.
Qf6 Nc6 28. h4 Re8 29. h5 Qe7 30. Rd6 Ne5 31. Qxe7 Rxe7 32. hxg6 Nxg6 33. f3
Rc7 34. Kf2 Rxc3 35. Rd7 Rxf3+ 36. Ke2 Rf6 37. Rxb7 a6 38. Ra7 Ne5 39. g5 Rg6
40. Ke3 Rxg5 41. Kf4 h6 42. Rxa6 Kg7 43. a4 Nd3+ 44. Kf3 Nc5 45. Rb6 h5 46. a5
Nxb3 47. Rxb3 Rxa5 48. Kg3 Kg6 49. Rb8 Ra3+ 50. Kh4 Ra4+ 51. Kg3 f6 52. Rc8 Kg5
53. Rc5+ f5 54. Rc3 Rg4+ 55. Kh3 h4 56. Ra3 Re4 57. Rb3 Re5 58. Ra3 Re8 59. Rb3
Kf4 60. Rb4+ Re4 61. Rb5 Re1 62. Rb4+ Kf3 63. Rb3+ Re3 64. Rb5 f4 65. Kxh4 Kf2
66. Kg4 f3 67. Rb2+ Re2 68. Rb3 Re4+ 69. Kh3 Re3 70. Rb2+ Kf1 71. Rb1+ Re1 72.
Rb3 f2 73. Kh2 Ke2 74. Rb2+ Ke3 75. Rb3+ Kd4 0-1

[Event "MP Reykjavik Open 2011"]
[Site "Reykjavik ISL"]
[Date "2011.03.11"]
[Round "3.30"]
[White "Thorsteinsson, Erlingur"]
[Black "Tiller, Bjorn"]
[Result "1/2-1/2"]
[WhiteElo "2110"]
[BlackElo "2393"]
[PlyCount "94"]
[EventDate "2011.03.09"]
[EventType "swiss"]
[EventRounds "9"]
[EventCountry "ISL"]
[Source "lmi"]
[SourceDate "2011.03.09"]

1. b3 e5 2. Bb2 d6 3. e3 f5 4. d4 Nd7 5. dxe5 dxe5 6. Nf3 Bb4+ 7. Nbd2 Ngf6 8.
a3 Bd6 9. Nc4 Qe7 10. Be2 e4 11. Nd4 Ne5 12. Nxd6+ Qxd6 13. Nb5 Qe7 14. Qd4 Nc6
15. Qc4 a6 16. Nd4 Nxd4 17. Bxd4 Be6 18. Qb4 Qxb4+ 19. axb4 Kf7 20. c4 Rhc8 21.
O-O Re8 22. Ra5 b6 23. Ra3 Nd7 24. Rfa1 c5 25. bxc5 bxc5 26. Bc3 Reb8 27. f3
Nf6 28. Be5 Rb6 29. Bd1 Bc8 30. Bc2 Bb7 31. Kf2 Re8 32. Bc3 exf3 33. gxf3 g6
34. Rd1 Ke7 35. Ra5 Nd7 36. Raa1 Rd6 37. Rxd6 Kxd6 38. h4 Ne5 39. Rd1+ Kc7 40.
Bxe5+ Rxe5 41. Rg1 Kb6 42. Rd1 Kc7 43. Rd3 Bc6 44. Kg3 h6 45. Kf4 Re8 46. Bd1
a5 47. Be2 Re7 1/2-1/2

[Event "MP Reykjavik Open 2011"]
[Site "Reykjavik ISL"]
[Date "2011.03.11"]
[Round "3.31"]
[White "Ariel, Donny"]
[Black "Sellitti, Federico"]
[Result "1/2-1/2"]
[WhiteElo "2389"]
[BlackElo "2142"]
[PlyCount "139"]
[EventDate "2011.03.09"]
[EventType "swiss"]
[EventRounds "9"]
[EventCountry "ISL"]
[Source "lmi"]
[SourceDate "2011.03.09"]

1. d4 d5 2. c4 Nc6 3. Nf3 Bg4 4. cxd5 Bxf3 5. dxc6 Bxc6 6. Nc3 e6 7. e4 Bb4 8.
f3 Qh4+ 9. g3 Qh5 10. Be3 O-O-O 11. g4 Qa5 12. Qc1 f5 13. gxf5 exf5 14. Bh3 Ne7
15. a3 Bxc3+ 16. Qxc3 Qxc3+ 17. bxc3 Rde8 18. Kf2 Kb8 19. e5 Bb5 20. Rhb1 Bd3
21. Rb2 Nd5 22. Rc1 f4 23. Bd2 g5 24. c4 Nb6 25. Rb3 Bg6 26. a4 Bf7 27. Bf1
Nxa4 28. Rb4 Nb6 29. d5 Rxe5 30. Bc3 Rhe8 31. Bxe5 Rxe5 32. Rcb1 Kc8 33. c5
Nxd5 34. Rxb7 Nc3 35. Bh3+ Kd8 36. Rc1 Re2+ 37. Kg1 Re3 38. Bf1 Bd5 39. Rxa7
Bxf3 40. Rc2 Nd5 41. Ra8+ Ke7 42. Rh8 Kf6 43. Rd8 g4 44. Rd2 c6 45. Rd6+ Ke5
46. Bg2 Bxg2 47. Kxg2 Rc3 48. Rxc6 Ne3+ 49. Kf2 g3+ 50. hxg3 fxg3+ 51. Kxg3
Nf1+ 52. Kg2 Nxd2 53. Rh6 Rxc5 54. Rxh7 Rc3 55. Re7+ Kf6 56. Re8 Nc4 57. Rf8+
Kg7 58. Ra8 Nd6 59. Kf2 Kf6 60. Ra5 Nc4 61. Ra8 Kf5 62. Rh8 Ne5 63. Ke2 Ng6 64.
Ra8 Ne5 65. Kd2 Rd3+ 66. Ke2 Rh3 67. Ra4 Rh2+ 68. Ke3 Rb2 69. Rf4+ Kg5 70. Ra4
1/2-1/2

[Event "MP Reykjavik Open 2011"]
[Site "Reykjavik ISL"]
[Date "2011.03.11"]
[Round "3.32"]
[White "Devereaux, Maxim L"]
[Black "Ingvason, Johann"]
[Result "1-0"]
[WhiteElo "2385"]
[BlackElo "2135"]
[PlyCount "47"]
[EventDate "2011.03.09"]
[EventType "swiss"]
[EventRounds "9"]
[EventCountry "ISL"]
[Source "lmi"]
[SourceDate "2011.03.09"]

1. c4 e6 2. g3 d5 3. Bg2 c6 4. Qc2 Nd7 5. d4 Bd6 6. Nf3 Ngf6 7. O-O b6 8. Nbd2
Bb7 9. e4 dxe4 10. Ng5 Rc8 11. Ndxe4 Nxe4 12. Nxe4 Be7 13. Bf4 Nf6 14. Rad1 O-O
15. Rfe1 Qd7 16. Ng5 Rfd8 17. Bh3 Qe8 18. Rxe6 fxe6 19. Bxe6+ Kf8 20. Nxh7+
Nxh7 21. Qxh7 Bf6 22. Re1 Qxe6 23. Rxe6 Kf7 24. Rxf6+ 1-0

[Event "MP Reykjavik Open 2011"]
[Site "Reykjavik ISL"]
[Date "2011.03.11"]
[Round "3.33"]
[White "Milliet, Sophie"]
[Black "Steil-Antoni, Fiona"]
[Result "1-0"]
[WhiteElo "2369"]
[BlackElo "2117"]
[PlyCount "39"]
[EventDate "2011.03.09"]
[EventType "swiss"]
[EventRounds "9"]
[EventCountry "ISL"]
[Source "lmi"]
[SourceDate "2011.03.09"]

1. e4 e5 2. Nf3 Nc6 3. Bc4 Nf6 4. d3 h6 5. O-O d6 6. c3 g6 7. d4 Qe7 8. dxe5
dxe5 9. Qe2 Bg7 10. b3 Be6 11. Bb5 Bd7 12. Ba3 Qe6 13. Nbd2 Nh5 14. g3 O-O-O
15. Ne1 Qh3 16. Nd3 a6 17. Bc4 f5 18. Nc5 f4 19. Bxa6 Na5 20. Bxb7+ 1-0

[Event "MP Reykjavik Open 2011"]
[Site "Reykjavik ISL"]
[Date "2011.03.11"]
[Round "3.34"]
[White "Kristinsson, Ogmundur"]
[Black "Arngrimsson, Dagur"]
[Result "0-1"]
[WhiteElo "2099"]
[BlackElo "2367"]
[PlyCount "68"]
[EventDate "2011.03.09"]
[EventType "swiss"]
[EventRounds "9"]
[EventCountry "ISL"]
[Source "lmi"]
[SourceDate "2011.03.09"]

1. b3 Nf6 2. Bb2 d5 3. Nf3 Bf5 4. e3 h6 5. d4 e6 6. Bd3 Nbd7 7. h3 Bd6 8. Nbd2
Qe7 9. Qe2 Ne4 10. Ne5 Nxd2 11. Qxd2 O-O 12. g4 Be4 13. Bxe4 dxe4 14. Nc4 Rfd8
15. h4 Bb4 16. c3 b5 17. cxb4 bxc4 18. Qc3 cxb3 19. Qxb3 Nb6 20. a3 Nd5 21. Qc2
a5 22. g5 h5 23. g6 fxg6 24. Qxe4 axb4 25. Qxg6 bxa3 26. Bc1 a2 27. Rg1 Rdb8
28. Rg5 Qf7 29. Qc2 Qf3 30. Qg6 Qf7 31. Qc2 Ra6 32. Bd2 Qf3 33. Qg6 Rb1+ 34.
Bc1 Qf7 0-1

[Event "MP Reykjavik Open 2011"]
[Site "Reykjavik ISL"]
[Date "2011.03.11"]
[Round "3.35"]
[White "Rehfeldt, Frank"]
[Black "Sareen, Vishal"]
[Result "0-1"]
[WhiteElo "2091"]
[BlackElo "2358"]
[PlyCount "52"]
[EventDate "2011.03.09"]
[EventType "swiss"]
[EventRounds "9"]
[EventCountry "ISL"]
[Source "lmi"]
[SourceDate "2011.03.09"]

1. e4 e5 2. Nf3 Nc6 3. Bc4 Nf6 4. Ng5 d5 5. exd5 Na5 6. Bb5+ c6 7. dxc6 bxc6 8.
Qf3 Be7 9. Nc3 Bg4 10. Bxc6+ Kf8 11. Bxa8 Bxf3 12. Bxf3 Qc7 13. O-O Nc6 14.
Bxc6 Qxc6 15. Re1 h6 16. Nf3 e4 17. Nd4 Qc5 18. Nde2 Bd6 19. Ng3 Bxg3 20. hxg3
Qf5 21. Re2 h5 22. b3 h4 23. Ba3+ Kg8 24. Be7 h3 25. Bxf6 hxg2 26. f4 Rh1+ 0-1